Giải bài tập đại số 10 Chương trình nâng cao
Gespeichert in:
| 1. Verfasser: | |
|---|---|
| Weitere Verfasser: | |
| Format: | Buch |
| Veröffentlicht: |
TP. Hồ Chí Minh
Tổng hợp TP. Hồ Chí Minh
2006
|
| Schlagworte: | |
| Tags: |
Tag hinzufügen
Keine Tags, Fügen Sie den ersten Tag hinzu!
|
| Thư viện lưu trữ: | Trung tâm Học liệu Lê Vũ Hùng, Trường Đại học Đồng Tháp |
|---|
| LEADER | 01015aam a22003858a 4500 | ||
|---|---|---|---|
| 001 | 00037117 | ||
| 005 | 20171026081025.0 | ||
| 008 | 170425s2006 ||||||Viesd | ||
| 020 | # | # | |c 32000 |
| 041 | 0 | # | |a Vie |
| 082 | 1 | 4 | |b GI103B |a 512.007 6 |
| 100 | 1 | # | |a Dương, Đức Kim |
| 245 | 1 | 0 | |a Giải bài tập đại số 10 |c Dương Đức Kim |b Chương trình nâng cao |
| 260 | # | # | |a TP. Hồ Chí Minh |b Tổng hợp TP. Hồ Chí Minh |c 2006 |
| 300 | # | # | |a 215tr. |c 24cm. |b Hình ảnh |
| 653 | # | # | |a THPT |
| 653 | # | # | |a Toán học |
| 653 | # | # | |a Đáp án |
| 653 | # | # | |a Đại số |
| 653 | # | # | |a Lớp 10 |
| 700 | 1 | # | |a Đỗ, Duy Đồng |
| 852 | # | # | |b Kho đọc |j KD.0019946, KD.0019947 |
| 852 | # | # | |j KD.0019947 |
| 910 | |d 25/04/2017 | ||
| 980 | # | # | |a Trung tâm Học liệu Lê Vũ Hùng, Trường Đại học Đồng Tháp |